000 01160nam a22002777a 4500
003 OSt
005 20210630125610.0
007 ta
008 210309b 2020 dr a 00| 0 eng d
020 _a9789945917352
040 _aDO-SdBNP
_bspa
_cBNPHU
082 4 _222
_a616.89156
_bF673t
100 1 _aFoundeur, Eleonora
_978046
245 1 0 _aTras las huellas :
_balcances y límites de la terapia de constelaciones familiares individuales y grupales desde mi práctica terapéutica profesional /
_cEleonora Fondeur ; edición, Piero Espinal Estévez ; ilustraciones, Juan José Vásquez ; prólogo, Isabela Oliveira.
260 _aSan José de las Matas, República Dominicana :
_b Opus,
_c2020.
300 _a150 p. :
_bil. ;
_c22 cm.
500 _aIncluye datos biográficos de la autora en las solapas.
504 _aBibliografía : p. 11-115
590 _aInventariado, 2021 /LP
650 _aPsicoterapia familiar
_935236
700 1 _aEspinal Estévez, Piero,
_eedición
_93550
700 1 _aOliveira, Isabela,
_eprólogo
_978047
700 1 _aVásquez, Juan José,
_eil.
_978048
910 _aValidado. Control de calidad MFF
942 _2ddc
_cLBS1
999 _c49522
_d49522